000 00764nam a22002417a 4500
003 UA-OsUOA
001 20473
007 ta
008 20031029b un ||||| |||| 00| 0 ukr d
100 _aМалов В.И.
090 _a910.4:929(470+571)
_bМ19
942 _cBK
040 _aUA-OsUOA
_brus
_cUA-OsUOA
_dUA-OsUOA
245 _aВ.К. Арсеньев
_bКнига для учащихся
_cРец. В.А.Есаков, Доктор географических наукРец. Е.Г.Ерошек, Учитель географии
300 _a96 с.
_bІлюстрації
955 _a0
041 _arus
080 _a910.4:929(470+571)
260 _aМосква
_bПросвещение
_c1986
044 _aRU
650 7 _2UDC
999 _c306651
_d306651